00815nam a2200229Ia 4500003000900000008004100009020001800050040001600068080001700084245010900101260003400210300001300244650003600257650004100293650002500334650002800359650002900387700002600416942000700442999001500449952012100464IN-BaIIA211028s9999 xx 000 0 eng d a3-540-09036-3 cIIA Library a535.375bRAM 0aRaman spectroscopy of gases and liquidscedited by A. Weber  aBerlinbSpringer-Verlagc1979 ax, 318p. aAstronomical spectroscopy91729 aAstronomy and astrophysics thesaurus aGases spectra911328 aMolecular spectra91778 aRaman spectroscopy95172 aWeber, A., ed.911329 cBK c6614d6614 00104070aBANbBANcGENd1980-10-06g283.20l0o535.375/ RAMp7355r2021-11-05v283.20w1980-10-06yBKGRs. 283.20